Counter-Strike A-Z (FRANÇAIS) - Statistiques

Statistiques générales
  • Ce quiz a été pris 57 fois
  • Le résultat moyen est 18 sur 26
Statistiques - réponses
A-Z Indice Réponse % Correct
A Leur era 2018-2019 ne sera (presque) jamais égalée Astralis
98%
Z Le Meilleur Joueur De L'Histoire De Counter-Strike ZywOo
87%
L Une équipe 100% francaise qui a gagné un major en 2014 LDLC
85%
M Le Baby Goat, c'est aussi l'amant secret de Niko m0nesy
85%
R Le robot, il n'as joué qu'avec 3 équipes diférentes, mais a tout gagné avec elles, il est le seul joueur au monde a avoir gagné 3 Intel Grand Slam ropz
85%
S Evidemment que tu le connais, c'est LUI, le mvp de major, Triple #1 HLTV, le Goat de csgo en personne s1mple
85%
U Le pays d'origine de joueurs comme zeus, markeloff ou encore b1t Ukraine
85%
E Un des organisateurs de tournoi les plus populaires et les plus iconic de Counter-Strike ESL
83%
K Un des tournoi les plus fameux et prestigieux a été tenu dans cette ville pendant plus d'une décennie, sa toute dernière édition a eu lieu en 2025 Katowice
83%
D Le seul joueur a avoir participer a tous les majors CSGO de l'histoire (il a gagné 5 d'entre eux) Dupreeh
78%
B Cette ville a accueilli en 2018 le seul major de l'histoire remporté par les Etats-Unis Boston
76%
N Le Goat qui n'a jamais gagné de major, il a raté un shot au deagle en finale Niko
76%
C Il est a l'origine du très fameux 4k jumping noscope sur Mirage, il est aussi double #1 hltv Coldzera
74%
T Surement l'équipe chinoise la plus connue Tyloo
70%
X Le dieu de la FPL, tellement fort qu'il a donné son nom a un peek Xantares
65%
O "GOLD GOLD GOLD" Ohnepixel
63%
V En 2022, ils n'étaient pas autorisé a jouer sous leur tag officiel, mais ils se sont tout de même débrouillés pour gagner un major... Virtus.pro
63%
F Surement le cheater le plus connus (word.exe) Forsaken
59%
Y Personne ne joue aussi près de son écran que lui YEKINDAR
59%
J Il save tellement souvent que s'en est devenu une expression, il est aussi curieusement un mvp de major Jame
54%
P Il a été une légende du jeu, mvp de major, aujourd'hui c'est le meilleur cycliste de la scène pashaBiceps
52%
G Un des meilleurs snipers de tous les temps, mais n'a jamais gagné de major guardian
50%
I Ils se sont presque tous fait ban pour matchfixing, mais malgré tout aujourd'hui leurs sticker coute plus cher qu'une voiture électrique neuve. IBuyPower
46%
W Un joueur qui a joué pour Hellraizers, Mouz, Cloud9, Eternal Fire.... il a une sensibilité très élevée Woxic
46%
Q YgQPBqa8tsqW4gzNs8Y4zR.png?bg=3e4c54&h=200&ixlib=java-2.1.0&rect=117%2C0%2C467%2C467&w=200&s=0e34e399d5232579e9d44bea8ea8f0f8 je n'avais rien d'autre pour Q, Toutefois il a quand même gagné un major Qikert
39%
H "INHUMAN REACTION" Hiko
26%
Aucun quiz correspondant
Distribution des résultats
% des personnes avec chaque résultat
Percentile par nombre de réponses
Votre historique - résultats
Vous n’avez pas pris ce quiz